000 01878nam a2200289Ia 4500
999 _c53499
_d53499
001 20545
003 GE_BSU
005 20210121170408.0
008 181216s2012||||ge |||||||||||||| ||geo||
020 _a978-9941-0-5358-0
040 _cGE_BSU
041 _ageo
080 _a316.346.2(479.22) ბ-48
100 _aბენდელიანი, ნანი
_910079
245 _aგენდერული თანასწორობის შეფასება საქართველოში საერთაშორისო ინდექსების და რეიტინგების მიხედვით :
_bგაეროს ეროთობლივი პროექტი "გენდერული თანასწორობის ხელშეწყობისთვის საქართველოში /
_cნანი ბენდელიანი.
264 _aთბილისი :
_bშპს ვესტა,
_c2012.
300 _a51, 41 გვ. :
_bცხრ., დიაგრ. ;
_c 30 სმ.
490 _aგენდერული თანასწორობის პროგრამა
500 _aწაღმა-უკუღმა წიგნი
501 _aდანართები : გვ. 47-51, 37-41
504 _aბიბლიოგრ. : გვ. 44-46, 34-36
520 _a
546 _aანგარიში ქართულ და ინგლისურ ენებზე
653 _aგენდერული თანასწორობის შეფასება საქართველოში საერთაშორისო ინდექსების და რეიტინგების მიხედვით
653 _aგენდერული თანასწორობა
942 _cBK
_2udc